Aplicación del Ius Cogens en el ordenamiento jurídico interno
Uloženo v:
| Hlavní autor: | |
|---|---|
| Korporativní autor: | |
| Médium: | Kniha |
| Jazyk: | španělština |
| Vydáno: |
Santiago
Thomson Reuters La Ley
2015
|
| Vydání: | 1a. ed |
| Témata: | |
| Tagy: |
Přidat tag
Žádné tagy, Buďte první, kdo vytvoří štítek k tomuto záznamu!
|
MARC
| LEADER | 00000cam a2200000 a 4500 | ||
|---|---|---|---|
| 001 | UCD4883 | ||
| 003 | CL-VaPUC | ||
| 008 | 160722e20151100cl |||||||||||||||||spa|d | ||
| 020 | |a 9789563467178 | ||
| 082 | 0 | 4 | |a 341.488 |b DIA |2 21 |
| 100 | 0 | |a Díaz Tolosa, Regina Ingrid |e author |9 588575 | |
| 110 | 2 | |a Pontifica Universidad Católica de Chile |e author |9 588576 | |
| 245 | 1 | 0 | |a Aplicación del Ius Cogens en el ordenamiento jurídico interno |
| 250 | |a 1a. ed | ||
| 300 | |a 640 p | ||
| 942 | |c BK | ||
| 945 | |d 20160722 23:21:00 |a arojas | ||
| 260 | |a Santiago |b Thomson Reuters La Ley |c 2015 | ||
| 650 | 7 | |a DERECHO INTERNACIONAL PUBLICO |2 CL-VaPUC |9 588577 | |
| 650 | 0 | |a Ordenamiento jurídico |9 355371 | |
| 650 | 0 | |a Derechos humanos |9 223025 | |
| 583 | |a last modification |c 20160722 23:21:00 |k Rodrigo Vera | ||
| 999 | |c 365675 |d 365673 | ||
| 952 | |0 0 |1 0 |3 erb |4 0 |6 341_488000000000000_DIA_2015 |7 0 |8 A |9 479596 |a BIBDER |b BIBDER |i 5299160 |l 1 |m 3 |o 341.488 DIA 2015 |p 5299160 |q 2025-12-31 |r 2023-04-19 |s 2023-04-19 |w 2019-11-24 |y BK |z Catalogado en:20160722 |k DER | ||